00258 a2200121 4500001000700000020001800007040001100025100001800036240003500054245003000089300000800119362000900127192985 a85-322-3822-X cMagnum aGaldino, Luiz10aA maldição de édipolpor10aA maldição de édipo a1100 a1998